Note-taking made easy / (Record no. 2111)
[ view plain ]
| 000 -LEADER | |
|---|---|
| fixed length control field | 01334nac a22002531u 4500 |
| 008 - FIXED-LENGTH DATA ELEMENTS--GENERAL INFORMATION | |
| fixed length control field | 090614t xxu||||| |||| 00| 0 eng d |
| 010 ## - LIBRARY OF CONGRESS CONTROL NUMBER | |
| LC control number | 2003050113 |
| 020 ## - INTERNATIONAL STANDARD BOOK NUMBER | |
| International Standard Book Number | 0299191540 (pbk. : alk. paper) |
| 082 00 - DEWEY DECIMAL CLASSIFICATION NUMBER | |
| Classification number | 378.170281 |
| Item number | K482 |
| 100 ## - MAIN ENTRY--PERSONAL NAME | |
| Personal name | Kesselman-Turkel, Judi |
| 9 (RLIN) | 6128 |
| 245 10 - TITLE STATEMENT | |
| Title | Note-taking made easy / |
| Statement of responsibility, etc | Judi Kesselman-Turkel and Franklynn Peterson. |
| 260 ## - PUBLICATION, DISTRIBUTION, ETC. (IMPRINT) | |
| Place of publication, distribution, etc | Madison : |
| Name of publisher, distributor, etc | University of Wisconsin Press, |
| Date of publication, distribution, etc | 1982 |
| 300 ## - PHYSICAL DESCRIPTION | |
| Extent | 98 p. : |
| Other physical details | ill. ; |
| Dimensions | 21 cm. |
| 440 #0 - | |
| -- | Study smart series |
| -- | 6129 |
| 500 ## - GENERAL NOTE | |
| General note | Originally published: Chicago : Contemporary Books, c1982. |
| 650 #0 - SUBJECT ADDED ENTRY--TOPICAL TERM | |
| Topical term or geographic name as entry element | Note-taking |
| Form subdivision | Handbooks, manuals, etc. |
| 9 (RLIN) | 6130 |
| 700 1# - ADDED ENTRY--PERSONAL NAME | |
| Personal name | Peterson, Franklynn. |
| 9 (RLIN) | 6131 |
| 856 41 - ELECTRONIC LOCATION AND ACCESS | |
| Materials specified | Table of contents |
| Uniform Resource Identifier | <a href="http://www.loc.gov/catdir/toc/fy038/2003050113.html">http://www.loc.gov/catdir/toc/fy038/2003050113.html</a> |
| 856 41 - ELECTRONIC LOCATION AND ACCESS | |
| Materials specified | Contributor biographical information |
| Uniform Resource Identifier | <a href="http://www.loc.gov/catdir/enhancements/fy0666/2003050113-b.html">http://www.loc.gov/catdir/enhancements/fy0666/2003050113-b.html</a> |
| 856 41 - ELECTRONIC LOCATION AND ACCESS | |
| Materials specified | Publisher description |
| Uniform Resource Identifier | <a href="http://www.loc.gov/catdir/enhancements/fy0666/2003050113-d.html">http://www.loc.gov/catdir/enhancements/fy0666/2003050113-d.html</a> |
| 942 ## - ADDED ENTRY ELEMENTS (KOHA) | |
| Item type | Book - Borrowing |
| Call number prefix | 378.170281K482 |
| Source of classification or shelving scheme | Dewey Decimal Classification |
| Withdrawn status | Item status | Source of classification or shelving scheme | Damaged status | Not for loan | Vendor | Home library | Current library | Shelving location | Date acquired | Source of acquisition | Cost, normal purchase price | Total Checkouts | Total Renewals | Full call number | Barcode | Date last seen | Date last borrowed | Cost, replacement price | Koha item type | Serial Enumeration / chronology |
|---|---|---|---|---|---|---|---|---|---|---|---|---|---|---|---|---|---|---|---|---|
| Dewey Decimal Classification | Central Library | Central Library | First floor | 07/02/2011 | 71.80 | 4 | 16 | 378.170281 KES | 000002247 | 15/07/2025 | 22/10/2016 | 89.75 | Book - Borrowing | |||||||
| Dewey Decimal Classification | Alahram | Central Library | Central Library | First floor | 14/06/2009 | 71.80 | 1 | 23 | 378.170281 KES | 000016764 | 15/07/2025 | 02/09/2013 | 89.75 | NB - Book (Non borrowing) | 357 |